000 00609nam a22001937a 4500
005 20251108172652.0
008 250721s2003 xx 000 0 ara d
082 1 4 _a351.00310009565/باك
100 1 _aباكير، حكمت
_eمؤلف
245 1 0 _aالحكومات الأردنية /
264 1 _aالزرقاء :
_bمؤسسة باكير للدراسات الثقافية،
_c2003.
300 _a345ص.
650 1 7 _aالحكومة
650 1 7 _aرؤساء الوزارات
650 1 7 _aالسلطة التنفيذية
650 1 7 _aتاريخ الأردن
942 _2ddc
_cBK
999 _c85482
_d85482